[Event "Quebec op"]
[Site "Longueuil CAN"]
[Date "2018.07.24"]
[Round "5.16"]
[White "Bremner, William"]
[Black "Lemieux, Serge"]
[Result "1-0"]
[WhiteElo "1684"]
[BlackElo "1702"]
[PlyCount "91"]
[EventDate "2018.07.21"]
[EventType "swiss"]
[EventRounds "9"]
[EventCountry "CAN"]

1. d4 d5 2. c4 c6 3. Nf3 e6 4. Qc2 Nf6 5. g3 Nbd7 6. Bg2 Be7 7. O-O Rb8 8. Bf4
Ra8 9. Rd1 dxc4 10. Qxc4 Nb6 11. Qb3 Nfd5 12. Bc1 Nf6 13. Nc3 Nbd5 14. Ne5 Nxc3
15. bxc3 Nd5 16. e4 Nb6 17. a4 Nd7 18. Nc4 Nb6 19. Ne3 Qc7 20. a5 Nd7 21. Nc4
O-O 22. Bf4 Qd8 23. g4 Nf6 24. h3 Ne8 25. Bg3 Nd6 26. Ne5 f6 27. Nd3 Kh8 28.
Nc5 Nb5 29. Bh2 Re8 30. a6 Bxc5 31. dxc5 Qe7 32. c4 Nc7 33. axb7 Rb8 34. bxc8=Q
Rexc8 35. Qe3 e5 36. Rxa7 Rd8 37. Rxd8+ Qxd8 38. Ra1 Ne6 39. Bg3 Nd4 40. Rd1
Qa5 41. g5 Qxc5 42. gxf6 gxf6 43. Qh6 Rf8 44. Rb1 Ne2+ 45. Kh2 Nxg3 46. Rb7 1-0

[Event "Quebec op"]
[Site "Longueuil CAN"]
[Date "2018.07.24"]
[Round "5.17"]
[White "Upper, John"]
[Black "Babb, Jeff"]
[Result "1/2-1/2"]
[WhiteElo "1969"]
[BlackElo "2054"]
[PlyCount "63"]
[EventDate "2018.07.21"]
[EventType "swiss"]
[EventRounds "9"]
[EventCountry "CAN"]

1. c4 Nf6 2. Nc3 c5 3. Nf3 Nc6 4. d4 cxd4 5. Nxd4 g6 6. e4 d6 7. Be2 Bg7 8. Be3
Nxd4 9. Bxd4 Qa5 10. Rb1 O-O 11. O-O Be6 12. b4 Qc7 13. Nd5 Bxd5 14. exd5 Rfc8
15. a4 b6 16. f4 Qd8 17. Rf3 Qf8 18. Ra3 Nd7 19. a5 Bxd4+ 20. Qxd4 Qg7 21. Qa1
Rab8 22. Qxg7+ Kxg7 23. axb6 Nxb6 24. Rxa7 Nxc4 25. Rxe7 Nb6 26. Rd1 Rc2 27. b5
Rc5 28. g3 Nxd5 29. Rd7 Nc3 30. Rd2 Nxe2+ 31. Rxe2 Rcxb5 32. Rxd6 1/2-1/2

[Event "Quebec op"]
[Site "Longueuil CAN"]
[Date "2018.07.24"]
[Round "5.18"]
[White "Turcotte, Jonathan"]
[Black "Boulay, David"]
[Result "1-0"]
[WhiteElo "1941"]
[BlackElo "1971"]
[PlyCount "107"]
[EventDate "2018.07.21"]
[EventType "swiss"]
[EventRounds "9"]
[EventCountry "CAN"]

1. d4 d5 2. c4 c6 3. Nf3 Nf6 4. Nc3 e6 5. Bg5 Nbd7 6. cxd5 exd5 7. Qc2 Be7 8.
e3 Nf8 9. Bd3 g6 10. O-O Ne6 11. Bh4 Ng7 12. Rfe1 O-O 13. Rac1 Bf5 14. h3 Bxd3
15. Qxd3 Nf5 16. Bxf6 Bxf6 17. b4 b5 18. a4 a6 19. Ne5 Bxe5 20. dxe5 Rc8 21.
axb5 axb5 22. e4 dxe4 23. Qxe4 Qd4 24. Red1 Qxe4 25. Nxe4 Ne7 26. Rd6 Rc7 27.
Rd3 Ra8 28. Nf6+ Kg7 29. Rcd1 g5 30. Rd7 Rxd7 31. Rxd7 Ng6 32. Nh5+ Kh6 33.
Rxf7 Nxe5 34. Rf5 Ng6 35. g4 Ra1+ 36. Kh2 Rb1 37. Rf6 Rxb4 38. Rxc6 Rb1 39. Rb6
Rb2 40. Kg2 Rb4 41. Ng3 Kg7 42. Nf5+ Kg8 43. Rb8+ Kf7 44. Rb7+ Kf6 45. Rxh7
Nf4+ 46. Kf3 Rb3+ 47. Ne3 Ng6 48. Rb7 Ne5+ 49. Ke4 Nc4 50. Nd5+ Kg6 51. Kd4
Rxh3 52. f4 Rh4 53. f5+ Kh6 54. Nf6 1-0

[Event "Quebec op"]
[Site "Longueuil CAN"]
[Date "2018.07.24"]
[Round "5.19"]
[White "Libersan, Thierry"]
[Black "Zhong, Kevin"]
[Result "1-0"]
[WhiteElo "2047"]
[BlackElo "1925"]
[PlyCount "51"]
[EventDate "2018.07.21"]
[EventType "swiss"]
[EventRounds "9"]
[EventCountry "CAN"]

1. d4 d5 2. Bf4 c5 3. e3 cxd4 4. exd4 Nc6 5. c3 Bf5 6. Qb3 Qd7 7. Nf3 e6 8. Bb5
Nge7 9. Nbd2 f6 10. O-O g5 11. Bg3 h5 12. h4 g4 13. Ne1 Bh6 14. Qd1 a6 15. Be2
Rg8 16. Nb3 Be4 17. Nc5 Qc8 18. Ned3 Ng6 19. Qb3 Ra7 20. Nxe4 dxe4 21. Nc5 Kf7
22. Nxe6 Ke7 23. Nc7 Kf8 24. Bc4 Rh8 25. Be6 Qd8 26. Bf5 1-0

[Event "Quebec op"]
[Site "Longueuil CAN"]
[Date "2018.07.24"]
[Round "5.20"]
[White "Currie, James"]
[Black "Goldner, John"]
[Result "1/2-1/2"]
[WhiteElo "2006"]
[BlackElo "1743"]
[PlyCount "73"]
[EventDate "2018.07.21"]
[EventType "swiss"]
[EventRounds "9"]
[EventCountry "CAN"]

1. e4 e5 2. f4 exf4 3. Nf3 g5 4. h4 g4 5. Ng1 d6 6. d4 Bh6 7. Nc3 Nc6 8. Nge2
f3 9. Nf4 f2+ 10. Kxf2 Bxf4 11. Bxf4 Qf6 12. Ne2 g3+ 13. Kg1 Bg4 14. Be3 O-O-O
15. Qd3 Bxe2 16. Bxe2 Re8 17. Rf1 Qg6 18. Rf4 h5 19. c3 Nf6 20. d5 Ne5 21. Qd4
b6 22. Rh3 Rhg8 23. Bb5 Re7 24. Qa4 Kb8 25. Bc6 Nxc6 26. dxc6 Ka8 27. Rf5 Nxe4
28. Qa6 Nc5 29. Bxc5 Re1+ 30. Rf1 Rxf1+ 31. Kxf1 Qb1+ 32. Ke2 Qxb2+ 33. Kd3
Qb1+ 34. Kd2 Qb2+ 35. Kd3 Qb1+ 36. Kd2 Qb2+ 37. Kd3 1/2-1/2

[Event "Quebec op"]
[Site "Longueuil CAN"]
[Date "2018.07.24"]
[Round "5.21"]
[White "Wu, Tony (Dongze)"]
[Black "Trottier, Alain"]
[Result "1-0"]
[WhiteElo "1883"]
[BlackElo "1966"]
[PlyCount "91"]
[EventDate "2018.07.21"]
[EventType "swiss"]
[EventRounds "9"]
[EventCountry "CAN"]

1. d4 c6 2. c4 d5 3. Nf3 Nf6 4. g3 Bf5 5. Bg2 e6 6. O-O Be7 7. Nc3 Nbd7 8. Nd2
Bg4 9. Qb3 Qb6 10. c5 Qxb3 11. axb3 e5 12. e3 O-O 13. b4 e4 14. h3 Bh5 15. g4
Bg6 16. b5 cxb5 17. g5 Ne8 18. Nxd5 Bxg5 19. Nxe4 Bd8 20. Nec3 a6 21. Nf4 Rb8
22. Nxg6 hxg6 23. b4 Nc7 24. Rd1 g5 25. Bb2 f5 26. Nd5 Nf6 27. Nxc7 Bxc7 28. d5
Ne4 29. d6 Bd8 30. f3 Bf6 31. Bxf6 Nxf6 32. e4 Nd7 33. Rd5 g4 34. e5 gxf3 35.
Bxf3 Rbe8 36. Re1 Nf6 37. Rdd1 Ne4 38. Bxe4 fxe4 39. Rxe4 Kf7 40. d7 Rd8 41.
Rf4+ Ke7 42. Rxf8 Rxf8 43. Rd6 a5 44. bxa5 b4 45. e6 Ra8 46. Rd3 {time} 1-0

[Event "Quebec op"]
[Site "Longueuil CAN"]
[Date "2018.07.24"]
[Round "5.22"]
[White "Jacquet, Stephane"]
[Black "Chang, Alexander RZ"]
[Result "1/2-1/2"]
[WhiteElo "1936"]
[BlackElo "1597"]
[PlyCount "129"]
[EventDate "2018.07.21"]
[EventType "swiss"]
[EventRounds "9"]
[EventCountry "CAN"]

1. d4 Nf6 2. c4 e6 3. Nf3 d5 4. cxd5 exd5 5. Qc2 Be7 6. Bf4 c6 7. Nc3 O-O 8. e3
Nbd7 9. Bd3 Re8 10. O-O Nf8 11. Rab1 Ng6 12. Bg3 Bd6 13. b4 Bxg3 14. hxg3 Qd6
15. b5 Bd7 16. bxc6 Bxc6 17. Rb2 Rac8 18. Bxg6 hxg6 19. Ne5 Rc7 20. Qb3 b6 21.
a4 Rb8 22. Nd3 Ne4 23. Nxe4 dxe4 24. Nb4 Bb7 25. Na2 Bd5 26. Qb4 Qd7 27. a5 b5
28. Rc1 Bxa2 29. Rxc7 Qxc7 30. Rxa2 Qc1+ 31. Kh2 Qc4 32. Qxc4 bxc4 33. Rc2 Rc8
34. g4 f5 35. Kg3 Kf7 36. Kf4 Ke6 37. f3 Kd5 38. gxf5 exf3 39. gxf3 Rf8 40. Kg3
gxf5 41. Kf4 Rf6 42. Rb2 a6 43. Rc2 g6 44. Kg5 Re6 45. Rc3 Rd6 46. Rc2 Re6 47.
Rc3 Rc6 48. Kf4 Rc7 49. Kg5 Rb7 50. Kxg6 Rb3 51. Rc1 Rxe3 52. f4 Kxd4 53. Kxf5
c3 54. Kg6 Kd3 55. f5 Kd2 56. Ra1 c2 57. f6 c1=Q 58. Rxc1 Kxc1 59. f7 Rf3 60.
Kg7 Kc2 61. f8=Q Rxf8 62. Kxf8 Kb3 63. Ke7 Kb4 64. Kd6 Kxa5 65. Kc5 1/2-1/2

[Event "Quebec op"]
[Site "Longueuil CAN"]
[Date "2018.07.24"]
[Round "5.23"]
[White "Vignalou, Joseph"]
[Black "Auger, Bertrand"]
[Result "0-1"]
[WhiteElo "1754"]
[BlackElo "1935"]
[PlyCount "65"]
[EventDate "2018.07.21"]
[EventType "swiss"]
[EventRounds "9"]
[EventCountry "CAN"]

1. e4 e6 2. d4 d5 3. Nc3 Bb4 4. e5 c5 5. a3 Bxc3+ 6. bxc3 Ne7 7. Nf3 Nbc6 8.
Bd3 Bd7 9. O-O c4 10. Be2 O-O 11. Ne1 Kh8 12. g3 f6 13. f4 fxe5 14. fxe5 Rxf1+
15. Bxf1 Qb6 16. Nf3 Rf8 17. Bf4 Ng6 18. Qd2 Nce7 19. Bh3 Nf5 20. Rf1 Qb2 21.
Bg5 Qxa3 22. g4 Nfe7 23. Bg2 Ng8 24. h4 N6e7 25. h5 h6 26. Bh4 Nc6 27. Rb1 b6
28. g5 Nce7 29. gxh6 gxh6 30. Bf6+ Kh7 31. Ng5+ hxg5 32. Qxg5 Rf7 33. Rb4 0-1

[Event "Quebec op"]
[Site "Longueuil CAN"]
[Date "2018.07.24"]
[Round "5.24"]
[White "Acosta, Mariano"]
[Black "Yagiz, Bora"]
[Result "1-0"]
[WhiteElo "1802"]
[BlackElo "1862"]
[PlyCount "61"]
[EventDate "2018.07.21"]
[EventType "swiss"]
[EventRounds "9"]
[EventCountry "CAN"]

1. d4 Nf6 2. Nf3 g6 3. c3 Bg7 4. Bg5 h6 5. Bh4 d6 6. Nbd2 Bf5 7. Qb3 Qc8 8. h3
Nbd7 9. g4 Be6 10. Qc2 d5 11. Bg3 c5 12. e3 c4 13. Ne5 Nxe5 14. Bxe5 O-O 15. f4
Bxg4 16. hxg4 Nxg4 17. Ke2 f5 18. Nf3 Bf6 19. Bh3 h5 20. Bxg4 hxg4 21. Ng5 Bxg5
22. fxg5 Kf7 23. Rh7+ Ke6 24. Rah1 Qc6 25. R1h6 Rg8 26. Kd1 b5 27. Qh2 b4 28.
Bf6 exf6 29. gxf6 g3 30. Qxg3 Kxf6 31. Qh4+ 1-0

[Event "Quebec op"]
[Site "Longueuil CAN"]
[Date "2018.07.25"]
[Round "6.3"]
[White "Mikhalevski, Victor"]
[Black "Voskanyan, Vahagn"]
[Result "1-0"]
[WhiteElo "2583"]
[BlackElo "2201"]
[PlyCount "81"]
[EventDate "2018.07.21"]
[EventType "swiss"]
[EventRounds "9"]
[EventCountry "CAN"]

1. d4 Nf6 2. c4 c6 3. Nc3 d5 4. Nf3 e6 5. Bg5 Be7 6. e3 Nbd7 7. Qc2 O-O 8. Rd1
b6 9. Bd3 h6 10. Bh4 Bb7 11. O-O Rc8 12. Ne5 Nxe5 13. dxe5 Nd7 14. Bg3 Bh4 15.
f4 Bxg3 16. hxg3 Qe7 17. cxd5 cxd5 18. Qa4 a6 19. Bb1 Rfd8 20. Qc2 Nf8 21. Qf2
Rd7 22. e4 Qc5 23. Na4 Qxf2+ 24. Kxf2 Rc6 25. exd5 exd5 26. Nc3 Rc4 27. Rd2 d4
28. Ne2 Ne6 29. Rfd1 g6 30. a3 Kg7 31. g4 a5 32. f5 Nf8 33. Nxd4 Rdc7 34. Ba2
R4c5 35. f6+ Kh7 36. e6 fxe6 37. Nxe6 Nxe6 38. Bxe6 Rc2 39. Kg3 Rxd2 40. Rxd2
Bc8 41. f7 1-0

[Event "Quebec op"]
[Site "Longueuil CAN"]
[Date "2018.07.25"]
[Round "6.7"]
[White "Huang, Qiuyu"]
[Black "Ouellet, Maili-Jade"]
[Result "1-0"]
[WhiteElo "2108"]
[BlackElo "2197"]
[PlyCount "79"]
[EventDate "2018.07.21"]
[EventType "swiss"]
[EventRounds "9"]
[EventCountry "CAN"]

1. e4 c5 2. Nf3 e6 3. d4 cxd4 4. Nxd4 a6 5. Bd3 Bc5 6. Nb3 Be7 7. O-O d6 8. c4
Nf6 9. Nc3 Qc7 10. f4 b6 11. Qe2 Nbd7 12. Bd2 Bb7 13. Rac1 h5 14. Rf3 g6 15.
Kh1 Ng4 16. Rcf1 Rd8 17. Rh3 Ndf6 18. Nd4 Rg8 19. a3 Qb8 20. b4 Qa8 21. Re1 Kf8
22. Rf1 Ke8 23. Rg3 Rh8 24. Bc2 Kf8 25. h3 e5 26. Nb3 exf4 27. Bxf4 Ne5 28.
Bxe5 dxe5 29. Nd5 Bxd5 30. exd5 Qb8 31. Rgf3 Qd6 32. Nd2 b5 33. Ne4 Nxe4 34.
Rxf7+ Kg8 35. Qxe4 bxc4 36. R1f6 Qxf6 37. Rxf6 Bxf6 38. Qxg6+ Bg7 39. Qe6+ Kf8
40. Bg6 1-0

[Event "Quebec op"]
[Site "Longueuil CAN"]
[Date "2018.07.25"]
[Round "6.8"]
[White "Malek, Omid"]
[Black "Prahov, Valentin"]
[Result "1-0"]
[WhiteElo "2055"]
[BlackElo "2105"]
[PlyCount "85"]
[EventDate "2018.07.21"]
[EventType "swiss"]
[EventRounds "9"]
[EventCountry "CAN"]

1. e4 c5 2. Nc3 Nc6 3. g3 g6 4. Bg2 Bg7 5. d3 d6 6. Nge2 e6 7. Be3 Nd4 8. Rb1
Ne7 9. b4 O-O 10. bxc5 dxc5 11. O-O b6 12. e5 Rb8 13. f4 Bb7 14. Bxb7 Rxb7 15.
Ne4 Nxe2+ 16. Qxe2 Rd7 17. g4 Qa8 18. Bf2 Qd5 19. Nc3 Qc6 20. Bh4 Nd5 21. Ne4
f5 22. exf6 Nxf6 23. Nxf6+ Bxf6 24. Bxf6 Rxf6 25. Qe5 Rdf7 26. Rbe1 Qd5 27. c4
Qxd3 28. Rd1 Qxd1 29. Rxd1 Rxf4 30. Rd8+ Rf8 31. Qxe6+ R4f7 32. Rd7 Kg7 33. g5
Rxd7 34. Qxd7+ Rf7 35. Qe6 Rf5 36. h4 Rf7 37. Kg2 Rf5 38. Kg3 Rf7 39. Kg4 Rf1
40. Qe7+ Rf7 41. Qe5+ Kg8 42. a4 Rf5 43. Qb8+ 1-0

[Event "Quebec op"]
[Site "Longueuil CAN"]
[Date "2018.07.25"]
[Round "6.9"]
[White "Zhu, Brandon"]
[Black "Van Hoolandt, Patrick"]
[Result "1-0"]
[WhiteElo "1959"]
[BlackElo "2065"]
[PlyCount "95"]
[EventDate "2018.07.21"]
[EventType "swiss"]
[EventRounds "9"]
[EventCountry "CAN"]

1. e4 e5 2. Nf3 Nc6 3. Bb5 Nf6 4. O-O Nxe4 5. d4 Nd6 6. Ba4 e4 7. Ne5 Be7 8.
Nc3 Bf6 9. Bf4 O-O 10. Nd5 Re8 11. Nxf7 Kxf7 12. Qh5+ Kg8 13. Bxd6 cxd6 14. Nc7
Rf8 15. Nxa8 Ne7 16. Bb3+ Kh8 17. Rae1 b6 18. Nxb6 Qxb6 19. Rxe4 d5 20. Rf4 Qe6
21. Qd1 Ng6 22. Rf3 Nh4 23. Re3 Qf7 24. Qd3 d6 25. c3 Bg5 26. Re2 Bf5 27. Qg3
Qg6 28. Rfe1 Be4 29. f3 Nf5 30. Qh3 Bd3 31. Re6 Bf6 32. Bxd5 Nxd4 33. cxd4 Bf5
34. Qg3 Bxd4+ 35. R6e3 Qe8 36. Qf2 Qb5 37. Bb3 a5 38. Bd1 Qb6 39. Kh1 Bd7 40.
Qd2 Bxe3 41. Rxe3 Qc5 42. Re7 d5 43. Qe1 Bb5 44. Qe5 Rg8 45. h3 a4 46. f4 Qb4
47. Bc2 Qd2 48. Qf5 1-0

[Event "Quebec op"]
[Site "Longueuil CAN"]
[Date "2018.07.25"]
[Round "6.10"]
[White "Robichaud, Louis"]
[Black "Bremner, William"]
[Result "0-1"]
[WhiteElo "2060"]
[BlackElo "1684"]
[PlyCount "108"]
[EventDate "2018.07.21"]
[EventType "swiss"]
[EventRounds "9"]
[EventCountry "CAN"]

1. e4 c6 2. d3 d5 3. Nd2 e5 4. Ngf3 Bd6 5. g3 Nf6 6. Bg2 O-O 7. O-O dxe4 8.
dxe4 Qe7 9. Qe2 Nbd7 10. c3 a5 11. Nh4 g6 12. Nc4 Bc5 13. Bh6 Re8 14. Ne3 Nf8
15. h3 Kh8 16. Nc2 b6 17. Qf3 Ne6 18. Rfd1 Ng8 19. Be3 f6 20. Bf1 Ba6 21. Bxa6
Rxa6 22. Rd2 Raa8 23. Rad1 Rad8 24. Qg4 Bxe3 25. Nxe3 Nc5 26. Nc4 Rxd2 27. Rxd2
Rd8 28. Rxd8 Qxd8 29. Qe2 b5 30. Nxa5 Qxa5 31. b4 Qa3 32. bxc5 Qxc3 33. Ng2
Qxc5 34. Ne3 Qb4 35. Qc2 Ne7 36. h4 Qd4 37. Kf1 c5 38. a3 Qa1+ 39. Qd1 Qxd1+
40. Nxd1 Nc8 41. Ke2 Nd6 42. Nc3 f5 43. a4 bxa4 44. exf5 a3 45. fxg6 hxg6 46.
Kd3 Kg7 47. Kc2 Kf6 48. Kb3 Kf5 49. f3 e4 50. g4+ Kf4 51. fxe4 Kxg4 52. e5 Nf5
53. Nd5 Kxh4 54. e6 Nd4+ 0-1

[Event "Quebec op"]
[Site "Longueuil CAN"]
[Date "2018.07.25"]
[Round "6.11"]
[White "Bouton, Christophe"]
[Black "Durette, Francis"]
[Result "0-1"]
[WhiteElo "2016"]
[BlackElo "2035"]
[PlyCount "66"]
[EventDate "2018.07.21"]
[EventType "swiss"]
[EventRounds "9"]
[EventCountry "CAN"]

1. d4 b6 2. e4 Bb7 3. Nc3 e6 4. a3 Nf6 5. e5 Nd5 6. Nxd5 Bxd5 7. Nf3 Be7 8. Bd3
O-O 9. c4 Bb7 10. Qc2 h6 11. Bh7+ Kh8 12. Be4 Qc8 13. h4 f5 14. exf6 Bxf6 15.
Bxb7 Qxb7 16. Bxh6 gxh6 17. Qg6 Bg7 18. O-O-O Rxf3 19. gxf3 Qxf3 20. Rhg1 Qf4+
21. Rd2 Qf6 22. Qe4 Nc6 23. d5 exd5 24. cxd5 Na5 25. Rg3 Rf8 26. Kb1 Nb7 27. f3
Nd6 28. Qc2 Nf5 29. Rg1 Nxh4 30. Qxc7 Nxf3 31. Rf2 Qd4 32. Rxg7 Qxg7 33. d6
Qg1+ 0-1

[Event "Quebec op"]
[Site "Longueuil CAN"]
[Date "2018.07.25"]
[Round "6.12"]
[White "Sambuev, Bator"]
[Black "Javidfard, Amirsalar"]
[Result "1-0"]
[WhiteElo "2514"]
[BlackElo "1990"]
[PlyCount "99"]
[EventDate "2018.07.21"]
[EventType "swiss"]
[EventRounds "9"]
[EventCountry "CAN"]

1. e4 c5 2. Nf3 e6 3. d4 cxd4 4. Nxd4 a6 5. Bd3 Qc7 6. O-O Nf6 7. Qe2 Bd6 8.
Kh1 Nc6 9. Nxc6 dxc6 10. f4 e5 11. Nd2 Ng4 12. Nc4 Bc5 13. Nxe5 Nxe5 14. fxe5
Qxe5 15. Bf4 Qe7 16. Qh5 Be6 17. Bg5 Qd7 18. Bf6 Bd4 19. Bh4 Bxb2 20. Rab1 g6
21. Qa5 Bg7 22. Qa3 b5 23. Rfd1 Qc7 24. c4 b4 25. Qxb4 c5 26. Qb6 Qxb6 27. Rxb6
Bd4 28. h3 a5 29. Rdb1 O-O 30. g4 h6 31. Kg2 Ra7 32. Bg3 Rd7 33. Rd6 Rfd8 34.
Rbb6 a4 35. e5 a3 36. Kf3 h5 37. gxh5 gxh5 38. Bf1 Bb2 39. Ke4 Ra8 40. Rxd7
Bxd7 41. Kd5 Bd4 42. Bh4 Ba4 43. Bd3 Bd7 44. Rh6 f5 45. Bf6 Bc8 46. Be2 Bb7+
47. Kd6 Bxe5+ 48. Kxe5 Re8+ 49. Kxf5 Bc8+ 50. Kg6 1-0

[Event "Quebec op"]
[Site "Longueuil CAN"]
[Date "2018.07.25"]
[Round "6.13"]
[White "Luksza, Arkadiusz"]
[Black "Saha, Ananda"]
[Result "0-1"]
[WhiteElo "2106"]
[BlackElo "1950"]
[PlyCount "128"]
[EventDate "2018.07.21"]
[EventType "swiss"]
[EventRounds "9"]
[EventCountry "CAN"]

1. d4 d5 2. c4 e6 3. Nc3 Be7 4. g3 Nf6 5. Bg2 c6 6. Nf3 Nbd7 7. Qd3 O-O 8. O-O
Bd6 9. Rd1 dxc4 10. Qxc4 Qc7 11. e4 e5 12. d5 Rd8 13. dxc6 bxc6 14. b3 Nb6 15.
Qe2 h6 16. Bb2 a5 17. Rac1 Ba6 18. Qe1 Qe7 19. Nh4 g6 20. h3 Bb4 21. Qe3 Bc5
22. Qxh6 Nh5 23. Nf3 Nxg3 24. Nd5 Bxf2+ 25. Kxf2 Nxe4+ 26. Kg1 Rxd5 27. Rxd5
Nxd5 28. Bxe5 Ndf6 29. Rxc6 Bb7 30. Rc7 Qb4 31. Qh4 Qb6+ 32. Kh2 Re8 33. Rxb7
Qxb7 34. Bxf6 Qc7+ 35. Kh1 Qc1+ 36. Ng1 Nxf6 37. Qxf6 Re1 38. Qb6 g5 39. Bd5
Qd1 40. Qg6+ Kh8 41. Qf6+ Kh7 42. Qxf7+ Kh6 43. Qf6+ Kh7 44. Be4+ Kg8 45. Qxg5+
Kf8 46. Qf6+ Kg8 47. Qg5+ Kf8 48. Qg2 Qc1 49. Qf2+ Ke7 50. Bd5 Kd6 51. Bc4 a4
52. Kg2 Qg5+ 53. Kh1 Qc1 54. Kh2 a3 55. Ne2 Qb1 56. b4 Rh1+ 57. Kg3 Qg6+ 58.
Kf3 Qf5+ 59. Nf4 Rxh3+ 60. Ke2 Qe5+ 61. Kf1 Qa1+ 62. Ke2 Qb2+ 63. Kf1 Qc1+ 64.
Ke2 Qxc4+ 0-1

[Event "Quebec op"]
[Site "Longueuil CAN"]
[Date "2018.07.25"]
[Round "6.14"]
[White "Lopez Linares, Lizandro"]
[Black "Turcotte, Jonathan"]
[Result "1/2-1/2"]
[WhiteElo "2088"]
[BlackElo "1941"]
[PlyCount "65"]
[EventDate "2018.07.21"]
[EventType "swiss"]
[EventRounds "9"]
[EventCountry "CAN"]

1. d4 d5 2. Nf3 Nf6 3. c4 c6 4. Nc3 e6 5. Bg5 h6 6. Bxf6 Qxf6 7. e3 Nd7 8. Rc1
Qd8 9. Qc2 Be7 10. Be2 O-O 11. O-O dxc4 12. Bxc4 b5 13. Be2 Bb7 14. Ne4 Rc8 15.
Nc5 Nxc5 16. dxc5 Qc7 17. Rfd1 Rcd8 18. Rd4 Bf6 19. Rg4 Bc8 20. h4 e5 21. Rg3
Qd7 22. e4 Qe7 23. h5 a5 24. a4 b4 25. Bc4 Kh8 26. Be2 Be6 27. b3 Rfe8 28. Qb2
Bc8 29. Bc4 Qa7 30. Be2 Re7 31. Kh2 Ba6 32. Bxa6 Qxa6 33. Rc4 1/2-1/2

[Event "Quebec op"]
[Site "Longueuil CAN"]
[Date "2018.07.25"]
[Round "6.15"]
[White "Soudre, Nicolas"]
[Black "Poulin, Maurice"]
[Result "1-0"]
[WhiteElo "2080"]
[BlackElo "1970"]
[PlyCount "67"]
[EventDate "2018.07.21"]
[EventType "swiss"]
[EventRounds "9"]
[EventCountry "CAN"]

1. e4 g6 2. Nc3 Bg7 3. f4 c5 4. Nf3 Nc6 5. Bb5 d6 6. Bxc6+ bxc6 7. d3 Ba6 8.
O-O Rb8 9. Qe1 c4 10. d4 d5 11. e5 e6 12. Rf2 Ne7 13. b3 Nf5 14. Ba3 h5 15. g3
Nh6 16. Bd6 Ra8 17. Na4 cxb3 18. axb3 Nf5 19. Bb4 Bb5 20. Nc5 Qb8 21. Rc1 Bf8
22. c4 Bxc5 23. Bxc5 Ba6 24. Qc3 dxc4 25. bxc4 Bc8 26. Ng5 Qc7 27. Ne4 f6 28.
Nxf6+ Kf7 29. Ne4 Rd8 30. h3 Qd7 31. g4 hxg4 32. hxg4 Rb8 33. gxf5 exf5 34. e6+
1-0

[Event "Quebec op"]
[Site "Longueuil CAN"]
[Date "2018.07.25"]
[Round "6.16"]
[White "Babb, Jeff"]
[Black "Auger, Bertrand"]
[Result "1-0"]
[WhiteElo "2054"]
[BlackElo "1935"]
[PlyCount "83"]
[EventDate "2018.07.21"]
[EventType "swiss"]
[EventRounds "9"]
[EventCountry "CAN"]

1. f4 Nf6 2. Nf3 g6 3. b3 Bg7 4. Bb2 O-O 5. e3 c5 6. Be2 b6 7. O-O Bb7 8. c4 d6
9. Qc2 Nbd7 10. Nc3 a6 11. f5 e6 12. fxe6 fxe6 13. Ng5 Qe7 14. Nh3 Ne5 15. Rae1
Nfg4 16. Nd1 Qh4 17. d4 Bh6 18. dxe5 Nxe3 19. Nxe3 Bxe3+ 20. Kh1 Qxh3 21. Bf3
Rxf3 22. Rxf3 Qxf3 23. gxf3 Bxf3+ 24. Qg2 Bxg2+ 25. Kxg2 Bd4 26. Bxd4 cxd4 27.
exd6 Rd8 28. Rxe6 Kf7 29. Re7+ Kf6 30. Rxh7 Rxd6 31. Kf2 d3 32. Ke1 Ke5 33. Kd2
Kf4 34. Rh3 Kg4 35. Rxd3 Rc6 36. Kc3 Kf4 37. b4 Ke4 38. Rd4+ Ke5 39. Rd5+ Ke4
40. a4 Ke3 41. a5 b5 42. Rc5 1-0

[Event "Quebec op"]
[Site "Longueuil CAN"]
[Date "2018.07.25"]
[Round "6.17"]
[White "Libersan, Thierry"]
[Black "Wu, Tony (Dongze)"]
[Result "1/2-1/2"]
[WhiteElo "2047"]
[BlackElo "1883"]
[PlyCount "107"]
[EventDate "2018.07.21"]
[EventType "swiss"]
[EventRounds "9"]
[EventCountry "CAN"]

1. d4 Nf6 2. Bf4 e6 3. e3 Be7 4. Nd2 c5 5. c3 O-O 6. h3 d5 7. Ngf3 Bd6 8. Ne5
b6 9. a4 Bb7 10. a5 Qc7 11. Bh2 Nc6 12. a6 Bc8 13. f4 c4 14. Be2 Nb8 15. Bf3
Bxa6 16. g4 Bb7 17. g5 Bxe5 18. fxe5 Ne4 19. Bxe4 dxe4 20. Qg4 b5 21. O-O Nd7
22. Rf4 a5 23. Qh5 h6 24. gxh6 g6 25. Qg5 Qd8 26. Qg3 Kh7 27. Raf1 Qe7 28. Qf2
Rad8 29. Rxf7+ Rxf7 30. Qxf7+ Qxf7 31. Rxf7+ Kxh6 32. h4 g5 33. hxg5+ Kxg5 34.
Rf4 Nxe5 35. Nxe4+ Bxe4 36. Rxe4 Nf3+ 37. Kg2 Nxh2 38. Kxh2 Kf6 39. Rg4 Rd5 40.
e4 Rh5+ 41. Kg3 Rg5 42. Rxg5 Kxg5 43. Kf3 Kf6 44. Ke3 Ke7 45. Kd2 Kd6 46. Kc2
Kc6 47. b3 cxb3+ 48. Kxb3 Kb6 49. c4 b4 50. c5+ Kc6 51. Kc4 Kd7 52. d5 exd5+
53. exd5 Kc7 54. Kb3 1/2-1/2

[Event "Quebec op"]
[Site "Longueuil CAN"]
[Date "2018.07.25"]
[Round "6.18"]
[White "Upper, John"]
[Black "Abdelaal, Ibrahim"]
[Result "1-0"]
[WhiteElo "1969"]
[BlackElo "2007"]
[PlyCount "81"]
[EventDate "2018.07.21"]
[EventType "swiss"]
[EventRounds "9"]
[EventCountry "CAN"]

1. c4 Nf6 2. Nc3 g6 3. e4 d6 4. d4 Bg7 5. Nf3 Bg4 6. Be2 Nbd7 7. Be3 e5 8. d5
O-O 9. h3 Bxf3 10. Bxf3 Ne8 11. Be2 f5 12. O-O f4 13. Bd2 Qh4 14. Rc1 a6 15. b4
Nef6 16. Be1 h5 17. f3 Qg5 18. Bf2 Qh6 19. c5 g5 20. c6 Nb6 21. cxb7 Ra7 22.
Nb5 axb5 23. Rxc7 Rxb7 24. Rxb7 Nc4 25. Bxc4 bxc4 26. Rb6 Nd7 27. Rc6 Ra8 28.
a4 g4 29. Bh4 Qg6 30. Kh1 g3 31. Be7 Qe8 32. Bxd6 Nb8 33. Bxb8 Qxb8 34. Rxc4
Bf8 35. Qb3 Bd6 36. Rfc1 Qa7 37. Rc6 Rd8 38. a5 Qf2 39. Qc3 Kf8 40. Rxd6 Rxd6
41. Qxe5 1-0

[Event "Quebec op"]
[Site "Longueuil CAN"]
[Date "2018.07.25"]
[Round "6.19"]
[White "Zheng, Richard"]
[Black "Saine, Zachary"]
[Result "0-1"]
[WhiteElo "1986"]
[BlackElo "1899"]
[PlyCount "92"]
[EventDate "2018.07.21"]
[EventType "swiss"]
[EventRounds "9"]
[EventCountry "CAN"]

1. d4 d5 2. Nf3 e6 3. c4 c6 4. e3 Nf6 5. Nc3 Nbd7 6. Bd3 dxc4 7. Bxc4 b5 8. Be2
Bb7 9. O-O a6 10. b3 c5 11. a4 b4 12. Nb1 Be7 13. Bb2 O-O 14. Nbd2 Rc8 15. Ne5
cxd4 16. exd4 Nxe5 17. dxe5 Nd5 18. Nc4 Nf4 19. Bf3 Qxd1 20. Rfxd1 Bxf3 21.
gxf3 Rfd8 22. Kf1 Rc5 23. Rxd8+ Bxd8 24. Rd1 Rd5 25. Rd4 Nd3 26. Ke2 Rxd4 27.
Bxd4 Nc1+ 28. Kd1 Nxb3 29. Be3 Na5 30. Nxa5 Bxa5 31. Kc2 Bc7 32. Kb3 a5 33. Kc4
f6 34. f4 Kf7 35. Bd4 fxe5 36. fxe5 Kg6 37. Be3 Kf5 38. f4 Ke4 39. Bd2 Bb6 40.
h4 g6 41. Kb5 b3 42. Bc3 Bd4 43. Kc4 b2 44. Bxb2 Bxb2 45. Kc5 Kxf4 46. Kd6 Kf5
0-1

[Event "Quebec op"]
[Site "Longueuil CAN"]
[Date "2018.07.25"]
[Round "6.20"]
[White "Lemieux, Serge"]
[Black "Currie, James"]
[Result "0-1"]
[WhiteElo "1702"]
[BlackElo "2006"]
[PlyCount "32"]
[EventDate "2018.07.21"]
[EventType "swiss"]
[EventRounds "9"]
[EventCountry "CAN"]

1. d4 Nf6 2. e3 c5 3. c3 Qc7 4. Bd3 b6 5. f4 Bb7 6. Nf3 g5 7. O-O h6 8. Ne5 Rg8
9. Ng4 gxf4 10. Nxf6+ exf6 11. e4 Bd6 12. Rf3 cxd4 13. cxd4 Nc6 14. Bc2 Nxd4
15. Bxf4 Nxf3+ 16. Qxf3 Bxf4 0-1